000 00632nam a2200205 i 4500
001 128520
003 ES-MaACL
005 20230906193315.0
007 t|
008 070516s1973 sp a |||| | spa d
080 _a821.134.2-7"19"
100 1 _aTachin.
_9109051
245 1 3 _aEl humor en el Madrid rojo /
_cTachin [seud.] ; con ilustraciones de Eduardo Jiménez.
250 _a5ª ed.
260 _aMadrid :
_bPrensa Española,
_c1973 (
_fTall. Prensa Española)
300 _a180 p. :
_bil. ;
_c19 cm.
650 1 4 _aHumorismo español-
_yS.XX.
_913512
700 1 _aJiménez, Eduardo.
_966402
852 _aES-MaACL
_jC-53376
999 _c128520
_d128520